Normal view
MARC view
- Parashar, B.S Nagendra:Mittal, R.K
Entry Personal Name
001 - CONTROL NUMBER
- control field: 67379
003 - CONTROL NUMBER IDENTIFIER
- control field: NUST
005 - DATE AND TIME OF LATEST TRANSACTION
- control field: 20210628203814.0
008 - FIXED-LENGTH DATA ELEMENTS
- fixed length control field: 210628|| aca||aabn | a|a d
040 ## - CATALOGING SOURCE
- Original cataloging agency: NUST
- Transcribing agency: NUST
100 ## - HEADING--PERSONAL NAME
- Personal name: Parashar, B.S Nagendra:Mittal, R.K
670 ## - SOURCE DATA FOUND
- Source citation: Work cat.: (NUST): Parashar, B.S Nagendra:Mittal, R.K, Elements of manufcturing processes, 2003
